书目信息 |
| 题名: |
软交换与IMS技术
|
|
| 作者: | 杨放春 , 孙其博 著 | |
| 分册: | ||
| 出版信息: | 北京 北京邮电大学出版社 2007.05 |
|
| 页数: | 439页 | |
| 开本: | 23cm | |
| 丛书名: | 融合与开放的下一代网络丛书 | |
| 单 册: | ||
| 中图分类: | TN915.05 | |
| 科图分类: | ||
| 主题词: | 通信交换--tong xin jiao huan--通信网 | |
| 电子资源: | ||
| ISBN: | 978-7-5635-1390-1 | |
| 000 | 01005nam 2200277 450 | |
| 001 | 012008858469 | |
| 005 | 20080601100005.35 | |
| 010 | @a978-7-5635-1390-1@dCNY56.00 | |
| 100 | @a20080601d2007 em y0chiy0120 ea | |
| 101 | 0 | @achi |
| 102 | @aCN@b110000 | |
| 105 | @aa a 000yy | |
| 106 | @ar | |
| 200 | 1 | @a软交换与IMS技术@Aruan jiao huan yu IMS ji shu@f杨放春, 孙其博著@Fyang fang chun,sun qi bo zhu |
| 210 | @a北京@c北京邮电大学出版社@d2007.05 | |
| 215 | @a439页@c图@d23cm | |
| 225 | 2 | @a融合与开放的下一代网络丛书@Arong he yu kai fang de xia yi dai wang luo cong shu |
| 320 | @a有书目 | |
| 330 | @a本书着重介绍了作为下一代网络控制核心的软交换系统和IMS系统的组成和功能原理以及相关的核心实现技术,并探讨软交换等。 | |
| 410 | 0 | @12001 @a融合与开放的下一代网络丛书 |
| 606 | 0 | @a通信交换@Atong xin jiao huan@x通信网 |
| 690 | @aTN915.05@v4 | |
| 701 | 0 | @a杨放春@Ayang fang chun@4著 |
| 701 | 0 | @a孙其博@Asun qi bo@4著 |
| 801 | 0 | @aCN@bQSSK@c20080601 |
| 905 | @b721057-58@dTN915.05@eY170@f2 | |
| 软交换与IMS技术/杨放春, 孙其博著.-北京:北京邮电大学出版社,2007.05 |
| 439页:图;23cm.-(融合与开放的下一代网络丛书) |
| ISBN 978-7-5635-1390-1:CNY56.00 |
| 本书着重介绍了作为下一代网络控制核心的软交换系统和IMS系统的组成和功能原理以及相关的核心实现技术,并探讨软交换等。 |
| ● |
| 相关链接 |
|
|
|
正题名:软交换与IMS技术
索取号:TN915.05/Y170
 
预约/预借
| 序号 | 登录号 | 条形码 | 馆藏地/架位号 | 状态 | 备注 |
| 1 | 721057 | 207210579 | 自科库301/301自科库 29排3列1层/ [索取号:TN915.05/Y170] | 在馆 | |
| 2 | 721058 | 207210588 | 自科库301/301自科库 998排2列2层/ [索取号:TN915.05/Y170] | 在馆 |